| 000 | 00511nam a2200181Ia 4500 | ||
|---|---|---|---|
| 005 | 20250508152437.0 | ||
| 008 | 008 250505s9999 xx 000 0 eng d | ||
| 037 | _aTextual | ||
| 040 |
_aFEDL _beng _cFEDL |
||
| 041 |
_aeng _2eng |
||
| 084 |
_a291.3, SAB _qFEDL |
||
| 100 |
_aSabin Frances E. _9761499 |
||
| 245 | 0 | _aClassical myths that live today | |
| 260 |
_aChicago, USA _bSilver Burdett Company _c1958 |
||
| 300 | _axviii,347p. | ||
| 942 |
_cTEXL _h291.3, SAB |
||
| 999 |
_c1336454 _d1336454 |
||